000 01312nam a22002417a 4500
003 BD-DhJNU
005 20260208032438.0
008 260208b |||||||| |||| 00| 0 eng d
020 _a9789849727798
040 _aBD-DhJNU
_bBEN
_cBD-DhJNU
_dBD-DhJNU
082 _223
_a909.097671
100 _aববরিক, বেনসন
242 _aIslam and the Western World in the Golden Age of Baghdad /
_cBenson Bobrick
245 _aবাগদাদের স্বর্ণযুগে ইসলাম এবং পশ্চিমা বিশ্ব /
_cবেনসন ববরিক এবং কামরুল কাদের চৌধুরী (অনুবাদক)
260 _aঢাকা :
_bদিব্য প্রকাশ,
_c২০২৪।
300 _a২৮৬ পৃ. :
_bচিত্র ;
_c২১ সে.মি.।
504 _aগ্রন্থপঞ্জিগত নির্দেশিকা ও নিঘন্ট অন্তভূক্ত
650 _aইসলামিক ইতিহাস ও সভ্যতা
650 _aHistory -> Islamic Civilization
650 _aস্বর্ণযুগ ও জ্ঞান-বিজ্ঞান
700 _aচৌধুরী, কামরুল কাদের
_e(অনুবাদক)
942 _2ddc
_cBK
_n0
999 _c2605
_d2605